000 00785nam a22002417a 4500
005 20260429085938.0
008 130821s2026 ck gr spa
020 _a8482725521 (2a.Ed.)
020 _a9789583506079 (3a.Ed.)
020 _a9789583510946 (5a.Ed)
040 _aCO-BoUCM
_bspa
_cStefania Borbon (Modificó)
_d[Nuevo]
041 0 0 _aspa
100 1 _aBobbio, Norberto
_d1909-2004
_928686
245 1 0 _aTeoría general del derecho /
_cNorberto Bobbio
250 _a5a.Ed.
260 _aBogotá (Colombia) :
_bTemis ;
_c2026
300 _axvi, 284 páginas
650 7 _aDerecho y ética
_912843
650 7 _aFilosofía del derecho
_915792
650 7 _aTeoría del derecho
_925308
942 _cLIBRO
_a8
_e5
_mB61t
_2DEWEY
_h340.1
999 _c68512
_d68512